| 000 | 02168nam a2200349 a 4500 | ||
|---|---|---|---|
| 001 | ebr10630526 | ||
| 003 | CaPaEBR | ||
| 006 | m o u | ||
| 007 | cr cn||||||||| | ||
| 008 | 111014s2012 enka sb 001 0 eng d | ||
| 010 | _z 2011043015 | ||
| 020 | _z9780470971819 (cloth) | ||
| 020 | _z9780470971802 (pbk.) | ||
| 020 | _z9781119945918 (e-book) | ||
| 040 |
_aCaPaEBR _cCaPaEBR |
||
| 035 | _a(OCoLC)823737555 | ||
| 050 | 1 | 4 |
_aRC531 _b.P79 2012eb |
| 082 | 0 | 4 |
_a616.85/22 _223 |
| 245 | 0 | 0 |
_aPsychobiological approaches for anxiety disorders _h[electronic resource] : _btreatment combination strategies / _cedited by Stefan G. Hofmann. |
| 260 |
_aChichester, West Sussex : _bJohn Wiley & Sons, _c2012. |
||
| 300 |
_ax, 201 p. : _bill. |
||
| 490 | 0 | _aWiley series in clinical psychology | |
| 504 | _aIncludes bibliographical references and index. | ||
| 505 | 0 | _aThe biology and efficacy of combination strategies for anxiety disorders / Keith A. Ganasen and Dan J. Stein -- Benzodiazepines / Bridget A. Hearon and Michael W. Otto -- Tricyclic antidepressants and monoamine oxidase inhibitors / Franklin R. Schneier -- Selective serotonin reuptake inhibitors, reversible inhibitors of monoamine oxidase-a, and buspirone / Borwin Bandelow, Markus Reitt, Dirk Wedekind -- D-cycloserine / Adam J. Guastella and Gail A. Alvares -- Yohimbine hydrochloride / Samantha Farris ... [et al.] -- Cortisol / Leila Maria Sorevia, and Dominique J.-F. de Quervain -- Oxytocin / Markus Heinrichs, Fraces S. Chen, and Gregor Domes -- Dietary supplements / Lindsey B. DeBoer ... [et al.] -- A roadmap for the research and practice of combination strategies / Stefan G. Hofmann. | |
| 533 |
_aElectronic reproduction. _bPalo Alto, Calif. : _cebrary, _d2015. _nAvailable via World Wide Web. _nAccess may be limited to ebrary affiliated libraries. |
||
| 650 | 0 |
_aAnxiety disorders _xTreatment. |
|
| 650 | 0 | _aCombined modality therapy. | |
| 655 | 7 |
_aElectronic books. _2local |
|
| 700 | 1 | _aHofmann, Stefan G. | |
| 710 | 2 | _aebrary, Inc. | |
| 856 | 4 | 0 |
_uhttp://site.ebrary.com/lib/rucke/Doc?id=10630526 _zAn electronic book accessible through the World Wide Web; click to view |
| 999 |
_c52783 _d52783 |
||